[Event "AUTch-online Rapid U14 boys"]
[Site "AUT_boys_U14_NEU"]
[Date "2020.12.13"]
[Round "1"]
[White "ALM"]
[Black "BORRMANN"]
[Result "0-1"]
[WhiteElo "1580"]
[BlackElo "1952"]
[Annotator "NA"]
[PlyCount "84"]
[EventDate "2020.12.13"]
[EventType "blitz"]

1. e4 {[%emt 0:00:02]} d5 {[%emt 0:00:25]} 2. exd5 {[%emt 0:00:02]} Qxd5 {[%emt 0:00:00]} 3. Nc3 {[%emt 0:00:01]} Qd8 {[%emt 0:00:02]} 4. d4 {[%emt 0:00:01]} Nf6 {[%emt 0:00:09]} 5. Nf3 {[%emt 0:00:02]} g6 {[%emt 0:00:08]} 6. Bc4 {[%emt 0:00:12]} Bg7 {[%emt 0:00:06]} 7. O-O {[%emt 0:00:02]} O-O {[%emt 0:00:03]} 8. h3 {[%emt 0:00:02]} b6 {[%emt 0:00:17]} 9. Ne2 {[%emt 0:00:33]} Bb7 {[%emt 0:00:08]} 10. Ng3 {[%emt 0:00:01]} Nc6 {[%emt 0:00:34]} 11. c3 {[%emt 0:00:23]} e6 {[%emt 0:00:31]} 12. Bf4 {[%emt 0:00:11]} Nd5 {[%emt 0:00:21]} 13. Bd2 {[%emt 0:00:17]} Qd7 {[%emt 0:00:28]} 14. Re1 {[%emt 0:00:08]} Rad8 {[%emt 0:00:55]} 15. Ne2 {[%emt 0:00:13]} Nce7 {[%emt 0:00:42] BORRMANN reconnected.} 16. Nf4 {[%emt 0:01:39]} Qc8 {[%emt 0:00:25]} 17. Bb3 {[%emt 0:00:24]} c5 {[%emt 0:00:18]} 18. Qe2 {[%emt 0:00:20]} Rfe8 {[%emt 0:00:31]} 19. Nxd5 {[%emt 0:00:17]} Nxd5 {[%emt 0:00:10]} 20. Ne5 {[%emt 0:00:22]} cxd4 {[%emt 0:00:19]} 21. cxd4 {[%emt 0:00:01]} Qa8 {[%emt 0:00:10]} 22. Rac1 {[%emt 0:00:13]} a5 {[%emt 0:00:43]} 23. Ba4 {[%emt 0:00:27]} Rf8 {[%emt 0:00:43]} 24. Bc6 {[%emt 0:01:41]} Nf6 {[%emt 0:00:43]} 25. Be3 {[%emt 0:00:30]} Rd6 {[%emt 0:00:12]} 26. Bxb7 {[%emt 0:00:15]} Qxb7 {[%emt 0:00:00]} 27. Rc3 {[%emt 0:00:09]} Nd5 {[%emt 0:00:04]} 28. Rc2 {[%emt 0:00:07]} Nb4 {[%emt 0:00:13]} 29. Rc4 {[%emt 0:00:30]} Nxa2 {[%emt 0:00:05]} 30. Ra1 {[%emt 0:00:39]} Nb4 {[%emt 0:00:05]} 31. Rac1 {[%emt 0:00:00]} Nd5 {[%emt 0:00:03]} 32. Qc2 {[%emt 0:00:04]} b5 {[%emt 0:00:21]} 33. Rc5 {[%emt 0:00:36]} Rfd8 {[%emt 0:00:21]} 34. Rc8 {[%emt 0:00:02]} Nxe3 {[%emt 0:00:12]} 35. fxe3 {[%emt 0:00:15]} Bh6 {[%emt 0:00:17]} 36. Rxd8+ {[%emt 0:00:08]} Rxd8 {[%emt 0:00:00]} 37. Kf2 {[%emt 0:00:02]} Qe7 {[%emt 0:00:12]} 38. Qc7 {[%emt 0:00:09]} Qf6+ {[%emt 0:00:05]} 39. Ke2 {[%emt 0:00:00]} Rf8 {[%emt 0:00:22]} 40. Rf1 {[%emt 0:00:01]} Qg5 {[%emt 0:00:06]} 41. Nxf7 {[%emt 0:00:06]} Qxe3+ {[%emt 0:00:04]} 42. Kd1 {[%emt 0:00:06]} Qd2# {[%emt 0:00:01] Mate (Lag: Av=0.58s, max=1.2s)} 0-1

[Event "AUTch-online Rapid U14 boys"]
[Site "AUT_boys_U14_NEU"]
[Date "2020.12.13"]
[Round "1"]
[White "LabSep"]
[Black "Johnny Johnson"]
[Result "0-1"]
[WhiteElo "1573"]
[BlackElo "1762"]
[Annotator "NA"]
[PlyCount "44"]
[EventDate "2020.12.13"]
[EventType "blitz"]

1. e4 {[%emt 0:00:02]} c5 {[%emt 0:00:03]} 2. Nf3 {[%emt 0:00:03]} d6 {[%emt 0:00:02]} 3. Nc3 {[%emt 0:00:04]} Nf6 {[%emt 0:00:14]} 4. d4 {[%emt 0:00:08]} cxd4 {[%emt 0:00:06]} 5. Qxd4 {[%emt 0:00:02]} a6 {[%emt 0:00:12]} 6. Bc4 {[%emt 0:00:21]} Nc6 {[%emt 0:00:09]} 7. Qe3 {[%emt 0:00:05]} e6 {[%emt 0:00:10]} 8. O-O {[%emt 0:00:03]} Be7 {[%emt 0:00:11]} 9. Rd1 {[%emt 0:00:17]} Qc7 {[%emt 0:00:14]} 10. Bd2 {[%emt 0:00:30]} O-O {[%emt 0:00:09]} 11. h3 {[%emt 0:00:23]} b5 {[%emt 0:00:21]} 12. Bb3 {[%emt 0:00:06]} Bb7 {[%emt 0:00:07]} 13. Be1 {[%emt 0:00:24]} h6 {[%emt 0:00:28]} 14. Rd2 {[%emt 0:00:57]} Rfd8 {[%emt 0:00:17]} 15. Rad1 {[%emt 0:00:07]} Rac8 {[%emt 0:00:24]} 16. g4 {[%emt 0:00:39]} Nd7 {[%emt 0:00:57]} 17. Nd4 {[%emt 0:00:26]} Nxd4 {[%emt 0:00:24]} 18. Rxd4 {[%emt 0:00:09]} Nc5 {[%emt 0:00:12]} 19. f3 {[%emt 0:00:24]} Nxb3 {[%emt 0:00:12]} 20. axb3 {[%emt 0:00:03]} d5 {[%emt 0:01:12]} 21. exd5 {[%emt 0:00:22]} e5 {[%emt 0:01:17]} 22. R4d3 {[%emt 0:00:58]} Bc5 {[%emt 0:00:05] LabSep resigns} 0-1

[Event "AUTch-online Rapid U14 boys"]
[Site "AUT_boys_U14_NEU"]
[Date "2020.12.13"]
[Round "1"]
[White "BronederKurt"]
[Black "OKli2120"]
[Result "0-1"]
[WhiteElo "1572"]
[BlackElo "1667"]
[Annotator "NA"]
[PlyCount "44"]
[EventDate "2020.12.13"]
[EventType "blitz"]

1. b4 {[%emt 0:00:07]} e5 {[%emt 0:00:03]} 2. Bb2 {[%emt 0:00:03]} Bxb4 {[%emt 0:00:05]} 3. Bxe5 {[%emt 0:00:02]} Nf6 {[%emt 0:00:01]} 4. Nf3 {[%emt 0:00:03]} Nc6 {[%emt 0:00:03]} 5. Bb2 {[%emt 0:00:03]} O-O {[%emt 0:00:04]} 6. a3 {[%emt 0:00:03]} Ba5 {[%emt 0:00:04]} 7. e3 {[%emt 0:00:02]} d5 {[%emt 0:00:04]} 8. Nc3 {[%emt 0:00:03]} Re8 {[%emt 0:00:14]} 9. Bb5 {[%emt 0:00:12]} d4 {[%emt 0:00:15]} 10. Ne2 {[%emt 0:00:29]} dxe3 {[%emt 0:00:09]} 11. fxe3 {[%emt 0:00:06]} Rxe3 {[%emt 0:00:06]} 12. O-O {[%emt 0:00:18]} Re8 {[%emt 0:00:15]} 13. Ned4 {[%emt 0:00:11]} Bb6 {[%emt 0:00:18]} 14. Kh1 {[%emt 0:00:15]} Bxd4 {[%emt 0:00:35]} 15. Nxd4 {[%emt 0:00:06]} Nxd4 {[%emt 0:00:03]} 16. Bxe8 {[%emt 0:00:02]} Nxe8 {[%emt 0:00:03]} 17. Bxd4 {[%emt 0:00:10]} Qxd4 {[%emt 0:00:02]} 18. Qf3 {[%emt 0:00:01]} Nf6 {[%emt 0:00:08]} 19. Rae1 {[%emt 0:00:17]} Be6 {[%emt 0:00:36]} 20. Qxb7 {[%emt 0:00:12]} Bd5 {[%emt 0:00:08]} 21. Qxc7 {[%emt 0:00:10]} Qxd2 {[%emt 0:00:13]} 22. Qd6 {[%emt 0:00:28]} Qxg2# {[%emt 0:00:05] Mate Mate} 0-1

[Event "AUTch-online Rapid U14 boys"]
[Site "AUT_boys_U14_NEU"]
[Date "2020.12.13"]
[Round "1"]
[White "Flo737"]
[Black "Leopold20062006"]
[Result "0-1"]
[WhiteElo "1555"]
[BlackElo "1782"]
[Annotator "NA"]
[PlyCount "110"]
[EventDate "2020.12.13"]
[EventType "blitz"]

1. d4 {[%emt 0:00:04]} Nf6 {[%emt 0:00:02]} 2. Nc3 {[%emt 0:00:02]} e6 {[%emt 0:00:03]} 3. Bg5 {[%emt 0:00:02]} Be7 {[%emt 0:00:16]} 4. e3 {[%emt 0:00:24]} O-O {[%emt 0:00:20]} 5. Bd3 {[%emt 0:00:08]} b6 {[%emt 0:00:23]} 6. Nf3 {[%emt 0:00:06]} Bb7 {[%emt 0:00:02]} 7. O-O {[%emt 0:00:04]} d5 {[%emt 0:00:01]} 8. Ne5 {[%emt 0:00:07]} Nbd7 {[%emt 0:00:08]} 9. Nxd7 {[%emt 0:00:05]} Qxd7 {[%emt 0:00:09]} 10. Ne2 {[%emt 0:00:45]} c5 {[%emt 0:00:04]} 11. c3 {[%emt 0:00:03]} h6 {[%emt 0:00:52]} 12. Bh4 {[%emt 0:00:25]} Rfc8 {[%emt 0:00:37]} 13. Rc1 {[%emt 0:00:12]} Ne4 {[%emt 0:00:47]} 14. Bxe7 {[%emt 0:00:07]} Qxe7 {[%emt 0:00:00]} 15. f3 {[%emt 0:00:03]} Nd6 {[%emt 0:00:03]} 16. Bb1 {[%emt 0:00:11]} e5 {[%emt 0:00:16]} 17. Qc2 {[%emt 0:00:32]} e4 {[%emt 0:00:13]} 18. fxe4 {[%emt 0:00:01]} dxe4 {[%emt 0:00:33]} 19. Ng3 {[%emt 0:00:06]} Rf8 {[%emt 0:00:38]} 20. Qf2 {[%emt 0:00:15]} f5 {[%emt 0:00:23]} 21. Nh5 {[%emt 0:00:13]} c4 {[%emt 0:01:17]} 22. Qg3 {[%emt 0:00:27]} Kh7 {[%emt 0:00:19]} 23. Nf4 {[%emt 0:01:04]} g5 {[%emt 0:00:41]} 24. Nh5 {[%emt 0:00:27]} Rae8 {[%emt 0:00:49]} 25. Qh3 {[%emt 0:00:30]} Bc8 {[%emt 0:00:24]} 26. Qg3 {[%emt 0:00:32]} Qe6 {[%emt 0:00:27]} 27. Qe1 {[%emt 0:00:27]} Qg6 {[%emt 0:00:11]} 28. Ng3 {[%emt 0:00:10]} h5 {[%emt 0:00:07]} 29. Ne2 {[%emt 0:00:30]} Bb7 {[%emt 0:00:23]} 30. b3 {[%emt 0:00:13]} Bd5 {[%emt 0:00:02]} 31. Bc2 {[%emt 0:00:11]} h4 {[%emt 0:00:14]} 32. g3 {[%emt 0:00:58]} h3 {[%emt 0:00:12]} 33. Rf2 {[%emt 0:00:09]} Qh6 {[%emt 0:00:36]} 34. Qf1 {[%emt 0:00:06]} Bf7 {[%emt 0:00:02]} 35. Kh1 {[%emt 0:00:04]} Bg6 {[%emt 0:00:06]} 36. Ng1 {[%emt 0:00:03]} g4 {[%emt 0:00:02]} 37. Ne2 {[%emt 0:00:01]} Nf7 {[%emt 0:00:03]} 38. Nf4 {[%emt 0:00:03]} Ng5 {[%emt 0:00:03]} 39. Nxg6 {[%emt 0:00:08]} Qxg6 {[%emt 0:00:02]} 40. Bd1 {[%emt 0:00:01]} cxb3 {[%emt 0:00:04]} 41. axb3 {[%emt 0:00:03]} Nf3 {[%emt 0:00:01]} 42. Bxf3 {[%emt 0:00:04]} exf3 {[%emt 0:00:01]} 43. Qd3 {[%emt 0:00:05]} Re4 {[%emt 0:00:02]} 44. Re1 {[%emt 0:00:04]} Rfe8 {[%emt 0:00:01]} 45. Ra2 {[%emt 0:00:01]} a5 {[%emt 0:00:03]} 46. b4 {[%emt 0:00:01]} Qg5 {[%emt 0:00:03]} 47. bxa5 {[%emt 0:00:06]} Rxe3 {[%emt 0:00:04]} 48. Rxe3 {[%emt 0:00:07]} Rxe3 {[%emt 0:00:01]} 49. Qf1 {[%emt 0:00:01]} Qe7 {[%emt 0:00:05]} 50. Ra1 {[%emt 0:00:15]} bxa5 {[%emt 0:00:02]} 51. c4 {[%emt 0:00:08]} Re2 {[%emt 0:00:03]} 52. Qb1 {[%emt 0:00:16]} Kg6 {[%emt 0:00:04]} 53. Qb6+ {[%emt 0:00:03]} Kg5 {[%emt 0:00:03]} 54. Qb1 {[%emt 0:00:33]} Qe3 {[%emt 0:00:08]} 55. Qf1 {[%emt 0:00:35]} f2 {[%emt 0:00:03] Flo737 resigns} 0-1

[Event "AUTch-online Rapid U14 boys"]
[Site "AUT_boys_U14_NEU"]
[Date "2020.12.13"]
[Round "2"]
[White "BORRMANN"]
[Black "Azaytsev2017"]
[Result "1/2-1/2"]
[WhiteElo "1956"]
[BlackElo "1616"]
[Annotator "NA"]
[PlyCount "67"]
[EventDate "2020.12.13"]
[EventType "blitz"]

1. e4 {[%emt 0:00:09]} c5 {[%emt 0:00:03]} 2. Nf3 {[%emt 0:00:16]} e6 {[%emt 0:00:06]} 3. d3 {[%emt 0:00:15]} Nc6 {[%emt 0:00:03]} 4. g3 {[%emt 0:00:02]} d5 {[%emt 0:00:02]} 5. Nbd2 {[%emt 0:00:02]} Nf6 {[%emt 0:00:03]} 6. Bg2 {[%emt 0:00:01]} Be7 {[%emt 0:00:08]} 7. O-O {[%emt 0:00:14]} O-O {[%emt 0:00:05]} 8. Re1 {[%emt 0:00:08]} b5 {[%emt 0:00:08]} 9. a4 {[%emt 0:00:09]} b4 {[%emt 0:00:12]} 10. exd5 {[%emt 0:00:04]} exd5 {[%emt 0:00:02]} 11. d4 {[%emt 0:00:01]} c4 {[%emt 0:00:12]} 12. Ne5 {[%emt 0:00:08]} Bb7 {[%emt 0:00:17]} 13. Nxc6 {[%emt 0:00:10]} Bxc6 {[%emt 0:00:02]} 14. Nxc4 {[%emt 0:00:05]} dxc4 {[%emt 0:01:01]} 15. Bxc6 {[%emt 0:00:03]} Rc8 {[%emt 0:00:01]} 16. Bb7 {[%emt 0:00:19]} Rc7 {[%emt 0:00:04]} 17. Bg2 {[%emt 0:00:01]} Re8 {[%emt 0:00:05]} 18. Bf4 {[%emt 0:01:36]} Bd6 {[%emt 0:00:31]} 19. Bxd6 {[%emt 0:00:07]} Rxe1+ {[%emt 0:00:04]} 20. Qxe1 {[%emt 0:00:00]} Qxd6 {[%emt 0:00:03]} 21. Qe5 {[%emt 0:00:27]} Qxe5 {[%emt 0:00:29]} 22. dxe5 {[%emt 0:00:00]} Nd7 {[%emt 0:00:02]} 23. Rd1 {[%emt 0:00:14]} g6 {[%emt 0:00:12]} 24. f4 {[%emt 0:00:21]} Nb6 {[%emt 0:00:47]} 25. Rd8+ {[%emt 0:00:13]} Kg7 {[%emt 0:00:05]} 26. a5 {[%emt 0:00:02]} Na4 {[%emt 0:00:04]} 27. Rb8 {[%emt 0:00:42]} Nxb2 {[%emt 0:02:29]} 28. Rxb4 {[%emt 0:00:04]} c3 {[%emt 0:00:30]} 29. a6 {[%emt 0:00:03]} Rd7 {[%emt 0:00:56] BORRMANN reconnected.} 30. Be4 {[%emt 0:03:27]} Rd1+ {[%emt 0:01:22]} 31. Kg2 {[%emt 0:00:17]} Rd2+ {[%emt 0:00:17]} 32. Kf3 {[%emt 0:00:15]} Nd1 {[%emt 0:00:06]} 33. g4 {[%emt 0:00:34]} Nf2 {[%emt 0:00:44]} 34. Rb7 {[%emt 0:00:56] BORRMANN offers a draw} 1/2-1/2

[Event "AUTch-online Rapid U14 boys"]
[Site "AUT_boys_U14_NEU"]
[Date "2020.12.13"]
[Round "2"]
[White "MIM64"]
[Black "Quentin f"]
[Result "1-0"]
[WhiteElo "1888"]
[BlackElo "1705"]
[Annotator "NA"]
[PlyCount "73"]
[EventDate "2020.12.13"]
[EventType "blitz"]

{Quentin f reconnected.} 1. e4 {[%emt 0:00:07]} c6 {[%emt 0:00:03]} 2. d4 {[%emt 0:00:04]} d5 {[%emt 0:00:01]} 3. exd5 {[%emt 0:00:00]} cxd5 {[%emt 0:00:01]} 4. c4 {[%emt 0:00:03]} Nf6 {[%emt 0:00:02]} 5. Nc3 {[%emt 0:00:02]} e6 {[%emt 0:00:02]} 6. Nf3 {[%emt 0:00:07]} Bb4 {[%emt 0:00:01]} 7. a3 {[%emt 0:00:33]} Ba5 {[%emt 0:00:10]} 8. b4 {[%emt 0:00:14]} Bc7 {[%emt 0:00:02]} 9. c5 {[%emt 0:00:01]} a5 {[%emt 0:00:03]} 10. Rb1 {[%emt 0:00:03]} Qe7 {[%emt 0:00:09]} 11. Be2 {[%emt 0:00:04]} e5 {[%emt 0:00:02]} 12. dxe5 {[%emt 0:00:08]} Bxe5 {[%emt 0:00:02]} 13. Nxd5 {[%emt 0:00:05]} Nxd5 {[%emt 0:00:05]} 14. Qxd5 {[%emt 0:00:00]} Bc3+ {[%emt 0:00:02]} 15. Bd2 {[%emt 0:00:01]} Be6 {[%emt 0:00:04]} 16. Qe4 {[%emt 0:00:32]} Bxd2+ {[%emt 0:00:17]} 17. Nxd2 {[%emt 0:00:00]} Nc6 {[%emt 0:00:01]} 18. O-O {[%emt 0:00:03]} axb4 {[%emt 0:00:02]} 19. axb4 {[%emt 0:00:06]} Ra4 {[%emt 0:00:17]} 20. Bb5 {[%emt 0:00:10]} Ra7 {[%emt 0:00:19]} 21. Bxc6+ {[%emt 0:00:17]} bxc6 {[%emt 0:00:03]} 22. Qxc6+ {[%emt 0:00:00]} Qd7 {[%emt 0:00:01]} 23. Qxd7+ {[%emt 0:00:04]} Rxd7 {[%emt 0:00:00]} 24. Nf3 {[%emt 0:00:01]} Ke7 {[%emt 0:00:01]} 25. b5 {[%emt 0:00:02]} Rc8 {[%emt 0:00:02]} 26. c6 {[%emt 0:00:01]} Rd5 {[%emt 0:00:02]} 27. h3 {[%emt 0:00:03]} Kd6 {[%emt 0:00:01]} 28. Rfd1 {[%emt 0:00:03]} Rb8 {[%emt 0:00:12]} 29. Rxd5+ {[%emt 0:00:08]} Bxd5 {[%emt 0:00:01]} 30. Nd4 {[%emt 0:00:16]} g6 {[%emt 0:00:07]} 31. Rc1 {[%emt 0:00:06]} Ke5 {[%emt 0:00:08]} 32. c7 {[%emt 0:00:03]} Rc8 {[%emt 0:00:02]} 33. Ne2 {[%emt 0:00:10]} Kd6 {[%emt 0:00:07]} 34. b6 {[%emt 0:00:01]} g5 {[%emt 0:00:10]} 35. Nd4 {[%emt 0:00:04]} Ke5 {[%emt 0:00:12]} 36. Nb5 {[%emt 0:00:03]} Be6 {[%emt 0:00:09]} 37. b7 {[%emt 0:00:08] Quentin f resigns (Lag: Av=0.91s, max=1.5s)} 1-0

[Event "AUTch-online Rapid U14 boys"]
[Site "AUT_boys_U14_NEU"]
[Date "2020.12.13"]
[Round "2"]
[White "Kriasi"]
[Black "davidcop"]
[Result "1-0"]
[WhiteElo "1777"]
[BlackElo "1229"]
[Annotator "NA"]
[PlyCount "63"]
[EventDate "2020.12.13"]
[EventType "blitz"]

1. e4 {[%emt 0:00:37]} c6 {[%emt 0:00:02]} 2. d4 {[%emt 0:00:02]} d5 {[%emt 0:00:01]} 3. Nc3 {[%emt 0:00:01]} dxe4 {[%emt 0:00:06]} 4. Nxe4 {[%emt 0:00:00]} Bf5 {[%emt 0:00:01]} 5. Ng3 {[%emt 0:00:01]} Bg6 {[%emt 0:00:02]} 6. Nf3 {[%emt 0:00:01]} e6 {[%emt 0:00:01]} 7. h4 {[%emt 0:00:01]} h5 {[%emt 0:00:06]} 8. Bd3 {[%emt 0:00:02]} Bxd3 {[%emt 0:00:09]} 9. Qxd3 {[%emt 0:00:00]} Nf6 {[%emt 0:00:01]} 10. Bd2 {[%emt 0:00:06]} Nbd7 {[%emt 0:00:05]} 11. O-O-O {[%emt 0:00:02]} Nb6 {[%emt 0:00:04]} 12. Kb1 {[%emt 0:00:04]} Be7 {[%emt 0:00:11]} 13. Ne5 {[%emt 0:00:12]} Nbd5 {[%emt 0:00:23]} 14. f4 {[%emt 0:00:21]} Qd6 {[%emt 0:00:46]} 15. f5 {[%emt 0:00:34]} O-O-O {[%emt 0:00:12]} 16. Nxf7 {[%emt 0:00:05]} Rdf8 {[%emt 0:00:51]} 17. Nxd6+ {[%emt 0:00:04]} Bxd6 {[%emt 0:00:01]} 18. fxe6 {[%emt 0:00:10]} Re8 {[%emt 0:00:11]} 19. Rde1 {[%emt 0:00:07]} Ng4 {[%emt 0:00:14]} 20. Nf5 {[%emt 0:00:33]} Bf8 {[%emt 0:00:33]} 21. Rhf1 {[%emt 0:00:36]} g6 {[%emt 0:00:38]} 22. Ne3 {[%emt 0:00:18]} Nc7 {[%emt 0:00:33]} 23. Nxg4 {[%emt 0:00:24]} hxg4 {[%emt 0:00:15]} 24. g3 {[%emt 0:00:05]} Nxe6 {[%emt 0:00:10]} 25. Qxg6 {[%emt 0:00:04]} Kd7 {[%emt 0:00:36]} 26. Rf7+ {[%emt 0:00:04]} Be7 {[%emt 0:00:17]} 27. Qxe6+ {[%emt 0:00:04]} Kd8 {[%emt 0:00:16]} 28. Rxe7 {[%emt 0:00:03]} Rxe7 {[%emt 0:00:01]} 29. Qxe7+ {[%emt 0:00:01]} Kc8 {[%emt 0:00:01]} 30. Ba5 {[%emt 0:00:02]} b6 {[%emt 0:00:04]} 31. Qxa7 {[%emt 0:00:01]} bxa5 {[%emt 0:00:05]} 32. Re7 {[%emt 0:00:03] davidcop resigns} 1-0

[Event "AUTch-online Rapid U14 boys"]
[Site "AUT_boys_U14_NEU"]
[Date "2020.12.13"]
[Round "2"]
[White "Johnny Johnson"]
[Black "Sota07"]
[Result "1-0"]
[WhiteElo "1770"]
[BlackElo "1699"]
[Annotator "NA"]
[PlyCount "71"]
[EventDate "2020.12.13"]
[EventType "blitz"]

1. e4 {[%emt 0:00:12]} Nf6 {[%emt 0:00:03]} 2. e5 {[%emt 0:00:02]} Nd5 {[%emt 0:00:02]} 3. d4 {[%emt 0:00:02]} d6 {[%emt 0:00:02]} 4. c4 {[%emt 0:00:02]} Nb6 {[%emt 0:00:02]} 5. exd6 {[%emt 0:00:02]} cxd6 {[%emt 0:00:02]} 6. Nc3 {[%emt 0:00:05]} g6 {[%emt 0:00:04]} 7. Be3 {[%emt 0:00:06]} Bg7 {[%emt 0:00:02]} 8. Rc1 {[%emt 0:00:04]} O-O {[%emt 0:00:02]} 9. b3 {[%emt 0:00:07]} Nc6 {[%emt 0:00:03]} 10. Be2 {[%emt 0:00:11]} e5 {[%emt 0:00:02]} 11. dxe5 {[%emt 0:00:09]} dxe5 {[%emt 0:00:08]} 12. Qxd8 {[%emt 0:00:06]} Rxd8 {[%emt 0:00:00]} 13. c5 {[%emt 0:00:06]} Nd5 {[%emt 0:00:15]} 14. Nxd5 {[%emt 0:00:08]} Rxd5 {[%emt 0:00:00]} 15. Bc4 {[%emt 0:00:17]} Rd8 {[%emt 0:00:08]} 16. Nf3 {[%emt 0:00:36]} Nd4 {[%emt 0:00:05]} 17. Ng5 {[%emt 0:00:24]} Be6 {[%emt 0:00:36]} 18. Nxe6 {[%emt 0:00:16]} Nxe6 {[%emt 0:00:01]} 19. Bxe6 {[%emt 0:00:54]} fxe6 {[%emt 0:00:00]} 20. Ke2 {[%emt 0:00:10]} Kf7 {[%emt 0:00:03]} 21. b4 {[%emt 0:00:08]} Rd5 {[%emt 0:00:32]} 22. Rc2 {[%emt 0:00:16]} Rad8 {[%emt 0:00:02]} 23. Rhc1 {[%emt 0:00:25]} e4 {[%emt 0:00:22]} 24. c6 {[%emt 0:01:27]} bxc6 {[%emt 0:00:00]} 25. Rxc6 {[%emt 0:00:13]} Bd4 {[%emt 0:00:25]} 26. Rc7+ {[%emt 0:00:14]} R8d7 {[%emt 0:00:02]} 27. Rxd7+ {[%emt 0:00:25]} Rxd7 {[%emt 0:00:00]} 28. Bxd4 {[%emt 0:00:16]} Rxd4 {[%emt 0:00:00]} 29. Rc7+ {[%emt 0:00:04]} Kf6 {[%emt 0:00:05]} 30. Rxh7 {[%emt 0:00:19]} Rxb4 {[%emt 0:00:02]} 31. Rxa7 {[%emt 0:00:02]} Ke5 {[%emt 0:00:35]} 32. Ke3 {[%emt 0:00:05]} Rb5 {[%emt 0:00:18]} 33. h4 {[%emt 0:00:34]} Rc5 {[%emt 0:00:12]} 34. Ra3 {[%emt 0:00:20]} Kf5 {[%emt 0:00:23] Sota07 offers a draw} 35. g3 {[%emt 0:00:40]} Rb5 {[%emt 0:00:32]} 36. Ra4 {[%emt 0:00:04]} 1-0

[Event "AUTch-online Rapid U14 boys"]
[Site "AUT_boys_U14_NEU"]
[Date "2020.12.13"]
[Round "2"]
[White "OKli2120"]
[Black "Nico2006"]
[Result "1/2-1/2"]
[WhiteElo "1679"]
[BlackElo "1857"]
[Annotator "NA"]
[PlyCount "52"]
[EventDate "2020.12.13"]
[EventType "blitz"]

1. e4 {[%emt 0:00:03]} c5 {[%emt 0:00:05]} 2. Nf3 {[%emt 0:00:02]} e6 {[%emt 0:00:03]} 3. d4 {[%emt 0:00:03]} cxd4 {[%emt 0:00:01]} 4. Nxd4 {[%emt 0:00:00]} Nf6 {[%emt 0:00:03]} 5. Nc3 {[%emt 0:00:03]} Nc6 {[%emt 0:00:03]} 6. Ndb5 {[%emt 0:00:02]} Bb4 {[%emt 0:00:03]} 7. a3 {[%emt 0:00:07]} Bxc3+ {[%emt 0:00:06]} 8. Nxc3 {[%emt 0:00:00]} d5 {[%emt 0:00:03]} 9. exd5 {[%emt 0:00:03]} exd5 {[%emt 0:00:02]} 10. Bd3 {[%emt 0:00:04]} O-O {[%emt 0:00:04]} 11. O-O {[%emt 0:00:03]} d4 {[%emt 0:00:02]} 12. Ne2 {[%emt 0:00:03]} Bg4 {[%emt 0:00:08]} 13. f3 {[%emt 0:00:04]} Bh5 {[%emt 0:00:05]} 14. Nf4 {[%emt 0:00:05]} Bg6 {[%emt 0:00:06]} 15. Nxg6 {[%emt 0:00:03]} hxg6 {[%emt 0:00:03]} 16. Bf4 {[%emt 0:00:19]} Nd5 {[%emt 0:00:07]} 17. Bd2 {[%emt 0:00:28]} Re8 {[%emt 0:00:12]} 18. Re1 {[%emt 0:00:11]} Qd6 {[%emt 0:00:28]} 19. Rxe8+ {[%emt 0:00:41]} Rxe8 {[%emt 0:00:04]} 20. Qf1 {[%emt 0:00:06] Nico2006 reconnected.} Ne3 {[%emt 0:01:42]} 21. Bxe3 {[%emt 0:00:06]} Rxe3 {[%emt 0:00:13]} 22. Re1 {[%emt 0:00:09]} Qe5 {[%emt 0:00:36]} 23. Re2 {[%emt 0:00:26]} Ne7 {[%emt 0:00:24]} 24. Qe1 {[%emt 0:01:06] Nico2006 reconnected.} b6 {[%emt 0:01:20] Nico2006 reconnected.} 25. Rxe3 {[%emt 0:00:29]} dxe3 {[%emt 0:00:05]} 26. c3 {[%emt 0:00:16] Nico2006 reconnected. Nico2006 reconnected.} f5 {[%emt 0:01:53]} 1/2-1/2

[Event "AUTch-online Rapid U14 boys"]
[Site "AUT_boys_U14_NEU"]
[Date "2020.12.13"]
[Round "2"]
[White "Master_Chessy"]
[Black "Flo737"]
[Result "0-1"]
[WhiteElo "1550"]
[BlackElo "1531"]
[Annotator "NA"]
[PlyCount "39"]
[EventDate "2020.12.13"]
[EventType "blitz"]

1. e4 {[%emt 0:00:07]} e6 {[%emt 0:00:01]} 2. d4 {[%emt 0:00:03]} d5 {[%emt 0:00:01]} 3. Nc3 {[%emt 0:00:02]} Nf6 {[%emt 0:00:01]} 4. Bg5 {[%emt 0:00:02]} dxe4 {[%emt 0:00:10]} 5. Nxe4 {[%emt 0:00:06]} Be7 {[%emt 0:00:01]} 6. Bxf6 {[%emt 0:00:25]} Bxf6 {[%emt 0:00:03]} 7. Nf3 {[%emt 0:00:28]} Nd7 {[%emt 0:00:04]} 8. c3 {[%emt 0:00:41]} b6 {[%emt 0:00:08]} 9. Bd3 {[%emt 0:00:06]} Bb7 {[%emt 0:00:02]} 10. Ng3 {[%emt 0:00:04]} O-O {[%emt 0:00:05]} 11. h4 {[%emt 0:00:27]} e5 {[%emt 0:01:15]} 12. d5 {[%emt 0:01:33]} h6 {[%emt 0:00:14]} 13. c4 {[%emt 0:01:13]} Nc5 {[%emt 0:00:04]} 14. Nf5 {[%emt 0:00:41]} e4 {[%emt 0:00:20]} 15. g4 {[%emt 0:01:32]} Nxd3+ {[%emt 0:00:11]} 16. Kd2 {[%emt 0:00:25]} Bxb2 {[%emt 0:00:16]} 17. g5 {[%emt 0:00:30]} h5 {[%emt 0:00:12]} 18. Nh6+ {[%emt 0:00:30]} Kh7 {[%emt 0:00:25]} 19. Nh2 {[%emt 0:00:50]} Qd6 {[%emt 0:00:52]} 20. Qxh5 {[%emt 0:00:46]} 0-1

[Event "AUTch-online Rapid U14 boys"]
[Site "AUT_boys_U14_NEU"]
[Date "2020.12.13"]
[Round "2"]
[White "chessless13"]
[Black "BronederKurt"]
[Result "0-1"]
[WhiteElo "1522"]
[BlackElo "1530"]
[Annotator "NA"]
[PlyCount "46"]
[EventDate "2020.12.13"]
[EventType "blitz"]

1. e4 {[%emt 0:00:03]} Nf6 {[%emt 0:01:34]} 2. e5 {[%emt 0:00:06]} Nd5 {[%emt 0:00:02]} 3. d4 {[%emt 0:00:04]} d6 {[%emt 0:00:01]} 4. exd6 {[%emt 0:00:03]} cxd6 {[%emt 0:00:01]} 5. Nf3 {[%emt 0:00:13]} Nc6 {[%emt 0:00:03]} 6. c3 {[%emt 0:00:55]} Qc7 {[%emt 0:00:05]} 7. Bd3 {[%emt 0:00:36]} g6 {[%emt 0:00:05]} 8. O-O {[%emt 0:00:04]} Bg7 {[%emt 0:00:06]} 9. Re1 {[%emt 0:00:10]} O-O {[%emt 0:00:04]} 10. Nbd2 {[%emt 0:00:18]} Re8 {[%emt 0:00:09]} 11. Nf1 {[%emt 0:00:05]} Bg4 {[%emt 0:00:04]} 12. Ng3 {[%emt 0:00:11]} Rad8 {[%emt 0:00:59]} 13. Bc4 {[%emt 0:01:49]} Nb6 {[%emt 0:00:12]} 14. Bb3 {[%emt 0:00:02]} e5 {[%emt 0:00:13]} 15. dxe5 {[%emt 0:00:41]} dxe5 {[%emt 0:00:05]} 16. Qe2 {[%emt 0:00:13]} a5 {[%emt 0:00:32]} 17. h3 {[%emt 0:00:12]} Bxf3 {[%emt 0:00:05]} 18. Qxf3 {[%emt 0:00:03]} a4 {[%emt 0:00:18]} 19. Bc2 {[%emt 0:00:22]} f5 {[%emt 0:00:07]} 20. Qe2 {[%emt 0:00:27]} e4 {[%emt 0:00:10]} 21. Be3 {[%emt 0:00:31]} Ra8 {[%emt 0:00:26]} 22. Bxb6 {[%emt 0:00:11]} Qxb6 {[%emt 0:00:04]} 23. Qc4+ {[%emt 0:01:10]} Kh8 {[%emt 0:00:11]} 0-1